00416 2200169 4500001002100000005001700021006001900038008004100057020001800098035002500116041000700141082001100148090001700159100001900176245002300195260002800218INLIS00000000000537020140225131619.0a ||| | 180719| ||| | id  a979-781-069-0 a0010-031300000005370 aid0 a297.36 a297.36 AZR m0 aAzyumardi Azra00aMalam seribu bulan aJakartabErlanggac2005